[Event "España ch Sub-16 2008"]
[Site "Padron ESP"]
[Date "2008.07.22"]
[Round "5.53"]
[White "Ontanon Gomez, Jesus"]
[Black "Remoli Sargues, Lidia"]
[Result "1/2-1/2"]
[WhiteElo "1761"]
[BlackElo "1924"]
[PlyCount "79"]
[EventDate "2008.07.20"]
[EventType "swiss"]
[EventRounds "9"]
[EventCountry "ESP"]
[Source "lmi"]
[SourceDate "2008.07.20"]

1. e4 c5 2. Nf3 Nc6 3. d4 cxd4 4. Nxd4 g6 5. c4 Bg7 6. Be3 Nf6 7. Nc3 d6 8. Be2
O-O 9. f3 Nxd4 10. Bxd4 Bd7 11. Qd2 Be6 12. O-O Nd7 13. Bxg7 Kxg7 14. Qd4+ Kg8
15. b4 Qb6 16. Qxb6 Nxb6 17. Nd5 Bxd5 18. cxd5 Nd7 19. Rfc1 Rfc8 20. Kf2 Kg7
21. Ke3 Kf8 22. f4 Ke8 23. Bb5 a6 24. Bxd7+ Kxd7 25. a4 b5 26. a5 Ra7 27. Rxc8
Kxc8 28. Rc1+ Rc7 29. Rxc7+ Kxc7 30. Kd4 Kd7 31. h3 h5 32. g4 hxg4 33. hxg4 f6
34. e5 Ke8 35. Ke3 Kd7 36. Ke4 Ke8 37. e6 Kf8 38. Kf3 Kg7 39. f5 g5 40. Ke4
1/2-1/2

[Event "España ch Sub-16 2008"]
[Site "Padron ESP"]
[Date "2008.07.22"]
[Round "5.54"]
[White "Bautista Mendez, Jose Antonio"]
[Black "Martinez Gonzalez, Francisco"]
[Result "1-0"]
[WhiteElo "1908"]
[BlackElo "1721"]
[PlyCount "53"]
[EventDate "2008.07.20"]
[EventType "swiss"]
[EventRounds "9"]
[EventCountry "ESP"]
[Source "lmi"]
[SourceDate "2008.07.20"]

1. d4 d5 2. c4 e6 3. Nc3 c5 4. Nf3 cxd4 5. Nxd4 Nf6 6. Bg5 dxc4 7. e3 Be7 8.
Bxc4 a6 9. O-O b5 10. Be2 Bb7 11. Bf3 Qb6 12. Qe2 O-O 13. Rfd1 Nc6 14. Nxc6
Bxc6 15. Rac1 Rac8 16. Ne4 Bxe4 17. Bxe4 Nxe4 18. Bxe7 Rfe8 19. Rxc8 Rxc8 20.
Qd3 Nc5 21. Qd4 Na4 22. Qd7 Ra8 23. Rc1 h6 24. b3 Nb2 25. Rc8+ Rxc8 26. Qxc8+
Kh7 27. Qc2+ 1-0

[Event "España ch Sub-16 2008"]
[Site "Padron ESP"]
[Date "2008.07.22"]
[Round "5.55"]
[White "Carballo Noya, Miguel"]
[Black "Etxagibel Larranaga, Asier"]
[Result "0-1"]
[WhiteElo "1726"]
[BlackElo "1887"]
[PlyCount "76"]
[EventDate "2008.07.20"]
[EventType "swiss"]
[EventRounds "9"]
[EventCountry "ESP"]
[Source "lmi"]
[SourceDate "2008.07.20"]

1. e4 c5 2. Nf3 Nc6 3. d4 cxd4 4. Nxd4 e5 5. Nb5 a6 6. Nd6+ Bxd6 7. Qxd6 Qf6 8.
Qxf6 Nxf6 9. Nc3 Nb4 10. Bd3 d5 11. f4 dxe4 12. Nxe4 Nxd3+ 13. cxd3 Nxe4 14.
dxe4 exf4 15. Bxf4 O-O 16. O-O Be6 17. a3 Rfe8 18. Rac1 a5 19. Rf3 a4 20. Rc7
b5 21. Rg3 Rad8 22. Be5 g6 23. h4 h5 24. Kf2 Bc4 25. Rg5 Rd2+ 26. Ke3 Re2+ 27.
Kd4 Rxb2 28. Kc5 Rb3 29. Bf6 Rxa3 30. Re5 Be6 31. Kxb5 Ra2 32. Kb4 Rb8+ 33. Rb5
Re8 34. Ra5 Rf2 35. Bd4 Rf4 36. Rxa4 Rxe4 37. Ka3 Rxh4 38. Rca7 Bd5 0-1

[Event "España ch Sub-16 2008"]
[Site "Padron ESP"]
[Date "2008.07.22"]
[Round "5.56"]
[White "Pareja Alvarez, Diego"]
[Black "Alsina Lopez, Adolfo"]
[Result "1/2-1/2"]
[WhiteElo "1876"]
[BlackElo "1599"]
[PlyCount "63"]
[EventDate "2008.07.20"]
[EventType "swiss"]
[EventRounds "9"]
[EventCountry "ESP"]
[Source "lmi"]
[SourceDate "2008.07.20"]

1. e4 e6 2. d4 d5 3. exd5 exd5 4. Bd3 Bd6 5. Ne2 Be6 6. c3 Nf6 7. Qc2 Nbd7 8.
Bf4 Bxf4 9. Nxf4 O-O 10. Nd2 c6 11. O-O-O b5 12. f3 a5 13. g4 h6 14. h4 Kh8 15.
Rde1 Re8 16. Nb1 Qc7 17. Qh2 Qb8 18. Qg3 Re7 19. h5 b4 20. Rhg1 Qf8 21. g5 Ng8
22. g6 c5 23. gxf7 Bxf7 24. Ng6+ Bxg6 25. Qxg6 Ngf6 26. dxc5 Nxc5 27. Bc2 Rc8
28. Rxe7 Qxe7 29. Nd2 bxc3 30. bxc3 a4 31. c4 d4 32. Ne4 1/2-1/2

[Event "España ch Sub-16 2008"]
[Site "Padron ESP"]
[Date "2008.07.22"]
[Round "5.57"]
[White "Gonzalez Carro, Victor"]
[Black "Arce Calva, Elvira"]
[Result "1/2-1/2"]
[WhiteElo "1656"]
[BlackElo "1876"]
[PlyCount "97"]
[EventDate "2008.07.20"]
[EventType "swiss"]
[EventRounds "9"]
[EventCountry "ESP"]
[Source "lmi"]
[SourceDate "2008.07.20"]

1. e4 e6 2. Nf3 d5 3. Nc3 c5 4. exd5 exd5 5. Bb5+ Nc6 6. O-O a6 7. Bxc6+ bxc6
8. d4 Bd6 9. Be3 cxd4 10. Qxd4 f6 11. Rfe1 Ne7 12. Bf4 Bxf4 13. Qxf4 O-O 14.
Nd4 Ng6 15. Qg3 Qb6 16. Nb3 a5 17. Qd6 Qb7 18. Na4 Qb5 19. Nbc5 Bf5 20. c3 Rfd8
21. Qg3 Re8 22. f4 Rab8 23. b3 Re2 24. Qf3 Rbe8 25. Rxe2 Qxe2 26. Qxe2 Rxe2 27.
g3 Bh3 28. Nb7 Kf7 29. Nxa5 Ne7 30. Nc5 Rg2+ 31. Kh1 Rc2 32. Nab7 Rxc3 33. a4
d4 34. Nd6+ Kf8 35. Nde4 Rc2 36. Kg1 Rg2+ 37. Kh1 Rc2 38. Kg1 Rg2+ 39. Kh1 Nf5
40. Nd3 Re2 41. Nef2 Rd2 42. a5 Nd6 43. a6 Nb5 44. a7 Nxa7 45. Rxa7 Bf5 46. Ra4
Bxd3 47. Rxd4 Rxf2 48. Rxd3 Ke7 49. Kg1 1/2-1/2

[Event "España ch Sub-16 2008"]
[Site "Padron ESP"]
[Date "2008.07.22"]
[Round "5.58"]
[White "Anaya Lopez, Gonzalo Javier"]
[Black "Crespo Ramos, Maria"]
[Result "1-0"]
[WhiteElo "1851"]
[BlackElo "1560"]
[PlyCount "87"]
[EventDate "2008.07.20"]
[EventType "swiss"]
[EventRounds "9"]
[EventCountry "ESP"]
[Source "lmi"]
[SourceDate "2008.07.20"]

1. e4 c5 2. Nc3 e6 3. d3 Nc6 4. f4 Nge7 5. Nf3 g6 6. Be2 Bg7 7. O-O O-O 8. Qe1
a6 9. a4 Rb8 10. Bd1 b5 11. axb5 axb5 12. Qh4 d5 13. Ne2 c4 14. Ng5 h6 15. Nh3
f5 16. Nf2 Qb6 17. Kh1 Rf7 18. g4 Bf6 19. Qg3 Kh7 20. h4 Bb7 21. h5 gxh5 22. g5
hxg5 23. fxg5 Be5 24. Qh4 Kg7 25. Nf4 Bxf4 26. Bxf4 Ng6 27. Qh2 Nxf4 28. Qxf4
fxe4 29. Qh4 e3 30. Bxh5 Rxf2 31. Be8 Rxe8 32. Qh6+ Kg8 33. Qg6+ Kh8 34. Qxe8+
Kg7 35. Qd7+ Kf8 36. Qxe6 Qc5 37. Rxf2+ exf2 38. Qf6+ Ke8 39. Rf1 Nb4 40. Rxf2
d4+ 41. Kg1 Qe7 42. Qg6+ Kd8 43. Qg8+ Kd7 44. Rf7 1-0

[Event "España ch Sub-16 2008"]
[Site "Padron ESP"]
[Date "2008.07.22"]
[Round "5.59"]
[White "Garcia Salamero, Hector"]
[Black "Martinez Vecillas, Javier"]
[Result "0-1"]
[WhiteElo "1638"]
[BlackElo "1851"]
[PlyCount "82"]
[EventDate "2008.07.20"]
[EventType "swiss"]
[EventRounds "9"]
[EventCountry "ESP"]
[Source "lmi"]
[SourceDate "2008.07.20"]

1. e4 e6 2. d3 Nc6 3. Nf3 d5 4. Nbd2 dxe4 5. dxe4 Bc5 6. Bd3 e5 7. O-O Be6 8.
a3 Nge7 9. b4 Bb6 10. Bb2 f6 11. Qe2 Ng6 12. Bc4 Bg4 13. Rfd1 Nd4 14. Bxd4 Bxd4
15. Rab1 Qe7 16. h3 Nf4 17. Qf1 Bh5 18. Nxd4 Bxd1 19. Nf5 Qd7 20. Rxd1 O-O-O
21. g3 Ne6 22. Bxe6 Qxe6 23. Nb3 g6 24. Nc5 Qf7 25. Ne3 f5 26. exf5 gxf5 27.
Rxd8+ Rxd8 28. Qb5 c6 29. Qe2 h5 30. Nc4 f4 31. Nxe5 Qa2 32. Qxh5 fxg3 33. Qg4+
Kb8 34. Qxg3 Ka8 35. Kh2 Qxc2 36. Ned7 b6 37. Na6 Qe2 38. Nc7+ Kb7 39. a4 Rxd7
40. a5 Rxc7 41. a6+ Qxa6 0-1

[Event "España ch Sub-16 2008"]
[Site "Padron ESP"]
[Date "2008.07.22"]
[Round "5.64"]
[White "Ausin Neira, David"]
[Black "Portela Gonzalez, Adrian"]
[Result "0-1"]
[WhiteElo "1519"]
[BlackElo "1858"]
[PlyCount "120"]
[EventDate "2008.07.20"]
[EventType "swiss"]
[EventRounds "9"]
[EventCountry "ESP"]
[Source "lmi"]
[SourceDate "2008.07.20"]

1. e4 d6 2. d4 Nf6 3. Bd3 g6 4. c4 Bg7 5. Nf3 Bg4 6. Be3 Nbd7 7. h3 Bxf3 8.
Qxf3 e5 9. d5 Nb6 10. Nc3 Ng8 11. a4 Ne7 12. a5 Nd7 13. b4 O-O 14. g4 b6 15. a6
Kh8 16. h4 f5 17. exf5 e4 18. Qxe4 Bxc3+ 19. Ke2 gxf5 20. Bd4+ Bxd4 21. Qxd4+
Kg8 22. gxf5 Nf6 23. Rhg1+ Kf7 24. Kd2 Rg8 25. Rg3 Qd7 26. Rf3 Rg4 27. Qe3 Rf8
28. Rf4 Rxf4 29. Qxf4 Neg8 30. b5 Re8 31. Rg1 Kf8 32. f3 Re7 33. Be4 Nxe4+ 34.
fxe4 Rg7 35. Rg5 Qe7 36. Ke3 Qf6 37. Kd3 h6 38. Rxg7 Qxg7 39. h5 Nf6 40. e5
Nxh5 41. Qh4 Qg3+ 42. Qxg3 Nxg3 43. exd6 cxd6 44. Ke3 Nxf5+ 45. Kf4 Nd4 46. Ke4
Nb3 47. Kf5 Kf7 48. Ke4 Na5 49. c5 dxc5 50. d6 Ke6 51. Kf4 Kxd6 52. Kg4 c4 53.
Kh5 c3 54. Kxh6 c2 55. Kg7 c1=Q 56. Kf8 Qg5 57. Kf7 Qh6 58. Kg8 Qg6+ 59. Kf8
Qh7 60. Ke8 Qe7# 0-1

[Event "España ch Sub-16 2008"]
[Site "Padron ESP"]
[Date "2008.07.22"]
[Round "5.65"]
[White "Molinero Gomez, Sandra"]
[Black "Garcia Iglesias, Jose Carlos"]
[Result "1/2-1/2"]
[WhiteElo "1849"]
[BlackElo "1414"]
[PlyCount "104"]
[EventDate "2008.07.20"]
[EventType "swiss"]
[EventRounds "9"]
[EventCountry "ESP"]
[Source "lmi"]
[SourceDate "2008.07.20"]

1. e4 e5 2. Nf3 Nc6 3. Bc4 Bc5 4. c3 Nf6 5. d3 h6 6. b4 Bb6 7. a4 a6 8. Nbd2
O-O 9. O-O d5 10. Bb3 Bg4 11. h3 Bh5 12. Qc2 Re8 13. Re1 d4 14. g4 Bg6 15. Nh4
dxc3 16. Ndf3 Bh7 17. Qxc3 Nd4 18. Ba2 Qd7 19. Qd2 Nxf3+ 20. Nxf3 Nxg4 21. Rf1
Nxf2 22. Rxf2 Qxh3 23. Bxf7+ Kh8 24. Bxe8 Qxf3 25. Bd7 Rf8 26. d4 Qxf2+ 27.
Qxf2 Rxf2 28. Kxf2 Bxd4+ 29. Be3 Bxa1 30. Kf3 g5 31. Bc8 b5 32. a5 Bc3 33. Bc5
h5 34. Bxa6 g4+ 35. Kg3 Bxe4 36. Bxb5 Bd4 37. Be7 Kg7 38. Bg5 Kf7 39. Bc4+ Ke8
40. Bd2 Kd8 41. Bf7 Bf3 42. Bxh5 e4 43. Bxg4 Bxg4 44. Kxg4 e3 45. Be1 Kd7 46.
b5 Kc8 47. Kf3 Kb7 48. Ke4 Ba7 49. Kd5 e2 50. Kc4 c6 51. a6+ Kc7 52. Bg3+ Kd7
1/2-1/2

[Event "España ch Sub-16 2008"]
[Site "Padron ESP"]
[Date "2008.07.22"]
[Round "5.72"]
[White "Fernandez Arroyo, Cesar"]
[Black "Montans Lopez, Adrian"]
[Result "1-0"]
[WhiteElo "1685"]
[PlyCount "113"]
[EventDate "2008.07.20"]
[EventType "swiss"]
[EventRounds "9"]
[EventCountry "ESP"]
[Source "lmi"]
[SourceDate "2008.07.20"]
[BlackElo "1357"]

1. e4 c5 2. g3 Nc6 3. Bg2 d6 4. Nf3 e5 5. O-O Bg4 6. h3 Bh5 7. c3 Nf6 8. Re1
Be7 9. Na3 O-O 10. Nc2 d5 11. g4 dxe4 12. Nh2 Bg6 13. Ne3 Qd7 14. f3 exf3 15.
Nxf3 Bd6 16. Nh4 Rfe8 17. g5 Nh5 18. Nxg6 hxg6 19. d3 Nf4 20. Ng4 Nxg2 21. Kxg2
Rad8 22. Be3 Bc7 23. Nf2 b6 24. Qe2 Qf5 25. Rf1 Qd7 26. Rad1 Qd5+ 27. Ne4 Qxa2
28. c4 Qa6 29. Qf3 Rf8 30. Nf6+ gxf6 31. Qxc6 Qc8 32. Rxf6 Qa8 33. Kf3 Rd6 34.
Rxd6 Bxd6 35. Qxa8 Rxa8 36. b3 Kg7 37. h4 Rf8 38. Ke4 f5+ 39. gxf6+ Rxf6 40.
Rg1 Kf7 41. Kd5 Bb8 42. Ke4 a6 43. Ra1 a5 44. Rg1 Bc7 45. Kd5 Rf3 46. Ke4 Rh3
47. Rf1+ Ke6 48. Bg5 Rh2 49. Rf6+ Kd7 50. Rxg6 Rb2 51. h5 Rxb3 52. h6 Rb2 53.
h7 Rh2 54. Rh6 Rg2 55. h8=Q Rg4+ 56. Kf3 Rxg5 57. Rh7+ 1-0

[Event "España ch Sub-16 2008"]
[Site "Padron ESP"]
[Date "2008.07.23"]
[Round "6.1"]
[White "Chueca Forcen, Alberto"]
[Black "Alonso Rosell, Alvar"]
[Result "0-1"]
[PlyCount "62"]
[EventDate "2008.07.20"]
[EventType "swiss"]
[EventRounds "9"]
[EventCountry "ESP"]
[Source "lmi"]
[SourceDate "2008.07.20"]
[WhiteElo "2254"]
[BlackElo "2393"]

1. d4 Nf6 2. c4 e6 3. Nc3 Bb4 4. Qc2 O-O 5. a3 Bxc3+ 6. Qxc3 b6 7. f3 d5 8. e3
Nbd7 9. Bd3 Ba6 10. b4 c5 11. dxc5 dxc4 12. Bxc4 Bxc4 13. Qxc4 bxc5 14. Bb2 Rc8
15. Ne2 Nb6 16. Qh4 cxb4 17. Bxf6 gxf6 18. Rd1 Qe7 19. Ng3 Kh8 20. Nh5 Rg8 21.
Nxf6 Rg7 22. Qh6 Nd5 23. Nxd5 exd5 24. O-O bxa3 25. Rxd5 a2 26. Ra5 Rc2 27. g3
Qc7 28. Rg5 Rxg5 29. Qxg5 Qd6 30. e4 a1=Q 31. Qf6+ Qdxf6 0-1

[Event "España ch Sub-16 2008"]
[Site "Padron ESP"]
[Date "2008.07.23"]
[Round "6.2"]
[White "Fernandez Garcia, Jose Miguel"]
[Black "Antolin Concha, Diego"]
[Result "1-0"]
[PlyCount "49"]
[EventDate "2008.07.20"]
[EventType "swiss"]
[EventRounds "9"]
[EventCountry "ESP"]
[Source "lmi"]
[SourceDate "2008.07.20"]
[WhiteElo "2135"]
[BlackElo "2115"]

1. e4 c5 2. Nf3 d6 3. d4 cxd4 4. Nxd4 Nf6 5. Nc3 a6 6. Bc4 e6 7. Bb3 Nbd7 8.
Bg5 h6 9. Bh4 Nc5 10. Qf3 Be7 11. O-O-O Qc7 12. Bg3 O-O 13. Rhe1 Nfd7 14. Kb1
Re8 15. Qh5 Nf6 16. Qe2 b5 17. e5 dxe5 18. Bxe5 Qb7 19. Bxf6 gxf6 20. Qh5 Bf8
21. Bd5 Qb8 22. Bxa8 Qxa8 23. Nd5 Qxd5 24. Qxd5 exd5 25. Rxe8 1-0

[Event "España ch Sub-16 2008"]
[Site "Padron ESP"]
[Date "2008.07.23"]
[Round "6.3"]
[White "Garcia Gil, Bernardino"]
[Black "Espinosa Aranda, Angel"]
[Result "0-1"]
[PlyCount "64"]
[EventDate "2008.07.20"]
[EventType "swiss"]
[EventRounds "9"]
[EventCountry "ESP"]
[Source "lmi"]
[SourceDate "2008.07.20"]
[WhiteElo "2044"]
[BlackElo "2313"]

1. e4 c5 2. Nc3 Nc6 3. f4 g6 4. Nf3 Bg7 5. Bb5 Nd4 6. Nxd4 cxd4 7. Ne2 Qb6 8.
Bc4 d6 9. d3 Nf6 10. O-O d5 11. Bxd5 Nxd5 12. exd5 Qc5 13. Ng3 Qxd5 14. f5 O-O
15. fxg6 hxg6 16. Bd2 Bd7 17. Qe2 Rae8 18. Kh1 f5 19. c4 Qc6 20. Bb4 Rf7 21.
Qc2 e5 22. Rae1 b5 23. b3 Qb7 24. Bd6 Re6 25. c5 Bc6 26. h4 e4 27. h5 e3 28.
hxg6 Rxg6 29. Re2 Qd7 30. Kg1 Bf8 31. Bb8 Rfg7 32. Kh2 Qd8 0-1

[Event "España ch Sub-16 2008"]
[Site "Padron ESP"]
[Date "2008.07.23"]
[Round "6.4"]
[White "Garcia Molina, Francisco Miguel"]
[Black "Arribas Lopez, Angel"]
[Result "1-0"]
[PlyCount "101"]
[EventDate "2008.07.20"]
[EventType "swiss"]
[EventRounds "9"]
[EventCountry "ESP"]
[Source "lmi"]
[SourceDate "2008.07.20"]
[WhiteElo "2144"]
[BlackElo "2332"]

1. e4 c5 2. c3 Nf6 3. e5 Nd5 4. Nf3 e6 5. Bc4 d6 6. d4 Nc6 7. O-O Nb6 8. Bd3
dxe5 9. dxe5 Qc7 10. Qe2 h6 11. Bf4 g5 12. Bg3 Be7 13. Na3 a6 14. Nd2 h5 15. h3
Bd7 16. Nac4 Nxc4 17. Nxc4 O-O-O 18. a4 Rdg8 19. Nd6+ Bxd6 20. exd6 Qb6 21. a5
Qa7 22. Be4 f5 23. Bxc6 Bxc6 24. Qxe6+ Bd7 25. Qe7 f4 26. Bh2 g4 27. Bxf4 gxh3
28. g3 Qa8 29. Qe4 h2+ 30. Kxh2 h4 31. g4 Qa7 32. f3 Re8 33. Qd3 Rhf8 34. Bg5
Kb8 35. Be7 Rg8 36. Rae1 Ka8 37. Re5 Qb8 38. Qe3 c4 39. Rd1 Rg6 40. Qb6 Reg8
41. Rc5 Re6 42. Rc7 Re2+ 43. Kh3 Ba4 44. Rd4 Re3 45. Rf4 Rd3 46. Rcxc4 Bd1 47.
Rcd4 Rxf3+ 48. Rxf3 Bxf3 49. Qc7 Qa7 50. d7 Bxg4+ 51. Kxh4 1-0

[Event "España ch Sub-16 2008"]
[Site "Padron ESP"]
[Date "2008.07.23"]
[Round "6.5"]
[White "Pintor Munoz, Antonio"]
[Black "Sanchez Gonzalez, Sergio"]
[Result "1-0"]
[PlyCount "67"]
[EventDate "2008.07.20"]
[EventType "swiss"]
[EventRounds "9"]
[EventCountry "ESP"]
[Source "lmi"]
[SourceDate "2008.07.20"]
[WhiteElo "2076"]
[BlackElo "2228"]

1. d4 Nf6 2. c4 e6 3. Nc3 Bb4 4. e3 O-O 5. Nge2 d5 6. a3 Be7 7. cxd5 exd5 8. g3
c6 9. Bg2 Bf5 10. O-O Nbd7 11. f3 Nb6 12. e4 dxe4 13. fxe4 Bg4 14. h3 Bxe2 15.
Nxe2 c5 16. Be3 Rc8 17. Rc1 Nfd7 18. e5 cxd4 19. Bxd4 Nc5 20. Nf4 Qd7 21. b4
Nca4 22. Bxb6 Nxb6 23. Qxd7 Nxd7 24. Nd5 Bg5 25. Rxc8 Rxc8 26. h4 Bd8 27. Bh3
Rc4 28. Bxd7 Rd4 29. Be8 f6 30. Nf4 Bb6 31. Kg2 fxe5 32. Ne6 Rd2+ 33. Kh3 Bf2
34. Rc1 1-0

[Event "España ch Sub-16 2008"]
[Site "Padron ESP"]
[Date "2008.07.23"]
[Round "6.6"]
[White "Coll Ortega, Jordi"]
[Black "Martin Fuentes, Alberto"]
[Result "0-1"]
[PlyCount "72"]
[EventDate "2008.07.20"]
[EventType "swiss"]
[EventRounds "9"]
[EventCountry "ESP"]
[Source "lmi"]
[SourceDate "2008.07.20"]
[WhiteElo "2206"]
[BlackElo "2124"]

1. Nf3 b6 2. c4 Bb7 3. Nc3 f5 4. d4 Nf6 5. g3 g6 6. Bg2 Bg7 7. O-O Ne4 8. Qc2
Nxc3 9. bxc3 Be4 10. Qb3 O-O 11. Ba3 h6 12. Nh4 Bxg2 13. Nxg2 Nc6 14. e4 Na5
15. Qa4 Rf7 16. e5 d6 17. e6 Rf8 18. Rad1 Qe8 19. Qxe8 Rfxe8 20. Ne3 c5 21.
dxc5 bxc5 22. Rb1 Rab8 23. Nd5 Rxb1 24. Rxb1 Nxc4 25. Bc1 Nb6 26. Nxb6 Rb8 27.
c4 axb6 28. Be3 Kh7 29. Rb3 Bf6 30. h4 Ra8 31. Rxb6 Rxa2 32. Rb7 g5 33. hxg5
hxg5 34. Rb5 Rc2 35. Bxc5 dxc5 36. Rxc5 Rxf2 0-1

[Event "España ch Sub-16 2008"]
[Site "Padron ESP"]
[Date "2008.07.23"]
[Round "6.7"]
[White "Hernandez Munoz, Antonio"]
[Black "Adan Bermudez, Sergio"]
[Result "1-0"]
[PlyCount "33"]
[EventDate "2008.07.20"]
[EventType "swiss"]
[EventRounds "9"]
[EventCountry "ESP"]
[Source "lmi"]
[SourceDate "2008.07.20"]
[WhiteElo "2044"]
[BlackElo "2205"]

1. e4 c5 2. Nf3 b6 3. d4 cxd4 4. Nxd4 Bb7 5. Nc3 a6 6. Be3 e6 7. g3 Nf6 8. Bg2
Bb4 9. O-O Bxc3 10. bxc3 Qc7 11. Re1 d5 12. exd5 Bxd5 13. Bf4 Qb7 14. Nxe6 fxe6
15. Rxe6+ Kf7 16. Rxf6+ Kxf6 17. Qd4+ 1-0

[Event "España ch Sub-16 2008"]
[Site "Padron ESP"]
[Date "2008.07.23"]
[Round "6.8"]
[White "Pardo Simon, David"]
[Black "Bardera Gil, Sergi"]
[Result "1-0"]
[PlyCount "53"]
[EventDate "2008.07.20"]
[EventType "swiss"]
[EventRounds "9"]
[EventCountry "ESP"]
[Source "lmi"]
[SourceDate "2008.07.20"]
[WhiteElo "2204"]
[BlackElo "2101"]

1. e4 c5 2. Nc3 Nc6 3. Bb5 g6 4. Bxc6 dxc6 5. f4 Bg7 6. Nf3 Nf6 7. O-O O-O 8.
d3 b6 9. Qe1 Qc7 10. Qh4 a5 11. f5 e5 12. Bg5 Qd6 13. g4 Re8 14. Nd2 Nd7 15.
Nc4 Qc7 16. f6 Bh8 17. Rf3 Nf8 18. Rh3 Qd7 19. Ne3 Qd6 20. Rf1 Re6 21. Kh1 Bb7
22. Rg3 Nd7 23. Nf5 gxf5 24. gxf5 Nf8 25. Bh6+ Ng6 26. fxg6 Bxf6 27. gxh7+ 1-0

[Event "España ch Sub-16 2008"]
[Site "Padron ESP"]
[Date "2008.07.23"]
[Round "6.9"]
[White "Navarro Diaz, Carles"]
[Black "Herrera Delgado, Alejandro"]
[Result "0-1"]
[PlyCount "102"]
[EventDate "2008.07.20"]
[EventType "swiss"]
[EventRounds "9"]
[EventCountry "ESP"]
[Source "lmi"]
[SourceDate "2008.07.20"]
[WhiteElo "2020"]
[BlackElo "2204"]

1. d4 Nf6 2. c4 c5 3. d5 e6 4. Nc3 exd5 5. cxd5 d6 6. e4 g6 7. f4 Bg7 8. Bb5+
Nfd7 9. a4 O-O 10. Nf3 Na6 11. Bxa6 bxa6 12. O-O Rb8 13. a5 Re8 14. Qc2 Qc7 15.
Re1 Rb4 16. Bd2 Qb8 17. Rab1 Nf6 18. e5 Bf5 19. Qd1 Nd7 20. Rc1 dxe5 21. Na4
Re4 22. Nxc5 Nxc5 23. Rxc5 Rxe1+ 24. Bxe1 exf4 25. Bc3 Re4 26. Ng5 Re3 27. Bxg7
Rd3 28. Qe1 Kxg7 29. b4 Re3 30. Qd2 h6 31. Nf3 Kh7 32. h3 Rd3 33. Qe1 Re3 34.
Qd2 Qe8 35. Qd4 Re4 36. Qf6 Qe7 37. Qxe7 Rxe7 38. d6 Rd7 39. Rc7 Rxd6 40. Rxf7+
Kg8 41. Rxa7 g5 42. Kf2 Bd3 43. g3 Bb5 44. gxf4 gxf4 45. Re7 Rf6 46. Re4 Bc6
47. Rc4 Bb5 48. Re4 Kg7 49. Ne5 Rf5 50. Kf3 h5 51. h4 Kf6 0-1

[Event "España ch Sub-16 2008"]
[Site "Padron ESP"]
[Date "2008.07.23"]
[Round "6.10"]
[White "Forcen Esteban, Daniel"]
[Black "Anaya Lopez, Victor Jose"]
[Result "0-1"]
[PlyCount "70"]
[EventDate "2008.07.20"]
[EventType "swiss"]
[EventRounds "9"]
[EventCountry "ESP"]
[Source "lmi"]
[SourceDate "2008.07.20"]
[WhiteElo "2200"]
[BlackElo "2046"]

1. e4 c5 2. Nf3 Nc6 3. d4 cxd4 4. Nxd4 Nf6 5. Nc3 e5 6. Ndb5 d6 7. Bg5 a6 8.
Na3 b5 9. Nd5 Be7 10. Bxf6 Bxf6 11. c4 b4 12. Nc2 a5 13. g3 O-O 14. Bg2 Be6 15.
O-O Rc8 16. b3 Bxd5 17. cxd5 Nd4 18. Ne3 Rc3 19. Kh1 Qc7 20. Rc1 Rc8 21. Rxc3
bxc3 22. Nc2 a4 23. bxa4 Qc4 24. Qb1 Qxa4 25. Nxd4 exd4 26. Rc1 Ra8 27. f4 Qxa2
28. Qd3 Qb2 29. Rc2 Qa1+ 30. Bf1 g6 31. Qc4 Qd1 32. Qd3 Ra1 33. Kg2 Qxf1+ 34.
Qxf1 Rxf1 35. e5 Rd1 0-1

[Event "España ch Sub-16 2008"]
[Site "Padron ESP"]
[Date "2008.07.23"]
[Round "6.11"]
[White "Gago Padreny, Ignacio"]
[Black "Castillo Sanjuan, Daniel"]
[Result "1-0"]
[PlyCount "71"]
[EventDate "2008.07.20"]
[EventType "swiss"]
[EventRounds "9"]
[EventCountry "ESP"]
[Source "lmi"]
[SourceDate "2008.07.20"]
[WhiteElo "2169"]
[BlackElo "1911"]

1. d4 Nf6 2. c4 g6 3. Nc3 Bg7 4. e4 d6 5. Nf3 O-O 6. Be2 e5 7. O-O Nc6 8. d5
Ne7 9. b4 Nh5 10. Re1 a5 11. bxa5 Rxa5 12. Nd2 Nf4 13. Bf1 c5 14. dxc6 Nxc6 15.
Nb3 Ra6 16. c5 Ra8 17. cxd6 Be6 18. Nb5 Na5 19. Nxa5 Rxa5 20. a4 Qd7 21. Be3
Rc8 22. Bb6 Raa8 23. Nc7 Rab8 24. Bb5 Qd8 25. Nd5 Qg5 26. Nxf4 exf4 27. d7 Rf8
28. Ra3 Bf6 29. Bc7 Ra8 30. Qd2 Be7 31. Rd3 f5 32. exf5 Bxf5 33. Bc4+ Kg7 34.
Bxf4 Qxf4 35. Qxf4 Bxd3 36. Rxe7+ 1-0

[Event "España ch Sub-16 2008"]
[Site "Padron ESP"]
[Date "2008.07.23"]
[Round "6.12"]
[White "Tejedor Ariza, Francisco"]
[Black "Senlle Caride, Miguel"]
[Result "0-1"]
[PlyCount "80"]
[EventDate "2008.07.20"]
[EventType "swiss"]
[EventRounds "9"]
[EventCountry "ESP"]
[Source "lmi"]
[SourceDate "2008.07.20"]
[WhiteElo "2010"]
[BlackElo "2289"]

1. e4 c5 2. Nf3 d6 3. d4 cxd4 4. Nxd4 Nf6 5. Bd3 Nc6 6. Nxc6 bxc6 7. O-O g6 8.
c4 Bg7 9. Nc3 O-O 10. h3 Nd7 11. Be3 Qa5 12. Na4 Ba6 13. Rb1 c5 14. Bd2 Qd8 15.
Be2 Ne5 16. Qc2 Nc6 17. Bc3 Nd4 18. Bxd4 Bxd4 19. b4 cxb4 20. Rxb4 Qa5 21. Rfb1
Qe5 22. Bd3 Bc8 23. Rb5 Qf6 24. c5 Bd7 25. c6 Rac8 26. c7 Bxb5 27. Rxb5 Bc5 28.
Rb7 Qa1+ 29. Rb1 Qd4 30. Rb7 Qa1+ 31. Rb1 Qe5 32. Rb7 Bd4 33. Bb5 d5 34. Bd7
dxe4 35. Bxc8 e3 36. fxe3 Qxe3+ 37. Kf1 Rxc8 38. Nb2 Qg1+ 39. Ke2 Qxg2+ 40. Kd3
Qxb7 0-1

[Event "España ch Sub-16 2008"]
[Site "Padron ESP"]
[Date "2008.07.23"]
[Round "6.13"]
[White "Gomez Calomarde, Saul"]
[Black "Baragano Campa, David"]
[Result "1/2-1/2"]
[PlyCount "104"]
[EventDate "2008.07.20"]
[EventType "swiss"]
[EventRounds "9"]
[EventCountry "ESP"]
[Source "lmi"]
[SourceDate "2008.07.20"]
[WhiteElo "2008"]
[BlackElo "2177"]

1. d4 Nf6 2. Nf3 b5 3. Bf4 Bb7 4. e3 a6 5. h3 e6 6. Bd3 c5 7. c3 Be7 8. O-O O-O
9. Nbd2 d5 10. Ne5 Nbd7 11. Bh2 Ne4 12. f3 Nd6 13. Nxd7 Qxd7 14. dxc5 Nc4 15.
Nxc4 bxc4 16. Bxc4 Bxc5 17. Re1 Qe7 18. Bb3 Qg5 19. Qd3 Rad8 20. Bc2 g6 21. Kh1
e5 22. f4 exf4 23. Bxf4 Qe7 24. Bh6 Rfe8 25. Ba4 Qe4 26. Qxe4 Rxe4 27. Bc2 Re6
28. Rad1 Rde8 29. Bb3 Bxe3 30. Bxe3 Rxe3 31. Rxe3 Rxe3 32. Bxd5 Bxd5 33. Rxd5
Re2 34. Rd8+ Kg7 35. Rb8 Rc2 36. Kh2 h5 37. h4 Kf6 38. a4 a5 39. Rb5 Kg7 40.
Kh3 Kh6 41. g3 f6 42. g4 hxg4+ 43. Kxg4 f5+ 44. Kf4 Rh2 45. Kg3 Rc2 46. Rxa5
Rxb2 47. Rc5 Ra2 48. a5 Ra3 49. Kf4 Ra4+ 50. Kg3 Ra3 51. Kf3 Kh5 52. Kg3 Kh6
1/2-1/2